Vanishing world (Record no. 5119)

MARC details
000 -CABECERA
campo de control de longitud fija 01870nam a22002657a 4500
008 - DATOS DE LONGITUD FIJA--INFORMACIÓN GENERAL
campo de control de longitud fija 251029b |||||||| |||| 00| 0 eng d
020 ## - NÚMERO INTERNACIONAL ESTÁNDAR DEL LIBRO
Número Internacional Estándar del Libro 9781803511207
040 ## - FUENTE DE LA CATALOGACIÓN
Centro/agencia transcriptor tbs
041 ## - CÓDIGO DE LENGUA
Código de lengua del texto/banda sonora o título independiente eng
Código de lengua original jpn
050 ## - SIGNATURA TOPOGRÁFICA DE LA BIBLIOTECA DEL CONGRESO
Número de clasificación PL873.U73
Número de documento/Ítem S5613 2025
100 ## - ENTRADA PRINCIPAL--NOMBRE DE PERSONA
Nombre de persona Murata, Sayaka
Fechas asociadas al nombre 1979-
9 (RLIN) 26365
Término indicativo de función/relación author
245 ## - MENCIÓN DE TÍTULO
Título Vanishing world
Mención de responsabilidad, etc. / Sayaka Murata ; translated by Ginny Tapley Takemori.
260 ## - PUBLICACIÓN, DISTRIBUCIÓN, ETC.
Lugar de publicación, distribución, etc. London :
Nombre del editor, distribuidor, etc. Granta Publications.
Fecha de publicación, distribución, etc. 2025.
300 ## - DESCRIPCIÓN FÍSICA
Extensión 233 pages ;
Dimensiones 21 cm.
520 ## - SUMARIO, ETC.
Sumario, etc. As a girl, Amane realizes with horror that her parents "copulated" in order to bring her into the world, rather than using artificial insemination, which became the norm in the mid-twentieth century. Amane strives to get away from what she considers an indoctrination in this strange "system" by her mother, but her infatuations with both anime characters and real people have a sexual force that is undeniable. As an adult in an appropriately sexless marriage-sex between married couples is now considered as taboo as incest-Amane and her husband Saku ultimately decide to go and live in a mysterious new town called Experiment City or Paradise-Eden, where all children are raised communally, and every person is considered a Mother to all children. Men are beginning to become pregnant using artificial wombs that sit outside of their bodies like balloons, and children are nameless, called only "Kodomo-chan." Is this the new world that will purify Amane of her strangeness once and for all?
650 #0 - PUNTO DE ACCESO ADICIONAL DE MATERIA--TÉRMINO DE MATERIA
Término de materia o nombre geográfico como elemento de entrada Artificial insemination, Human
Subdivisión de forma Fiction
9 (RLIN) 26367
650 #0 - PUNTO DE ACCESO ADICIONAL DE MATERIA--TÉRMINO DE MATERIA
Término de materia o nombre geográfico como elemento de entrada Man-woman relationships
Subdivisión de forma Fiction
9 (RLIN) 11134
650 #0 - PUNTO DE ACCESO ADICIONAL DE MATERIA--TÉRMINO DE MATERIA
Término de materia o nombre geográfico como elemento de entrada Marriage
Subdivisión de forma Fiction
9 (RLIN) 26149
650 #0 - PUNTO DE ACCESO ADICIONAL DE MATERIA--TÉRMINO DE MATERIA
Término de materia o nombre geográfico como elemento de entrada Married women
Subdivisión general Fiction
9 (RLIN) 23166
650 #0 - PUNTO DE ACCESO ADICIONAL DE MATERIA--TÉRMINO DE MATERIA
Término de materia o nombre geográfico como elemento de entrada Reproduction
Subdivisión de forma Fiction
9 (RLIN) 26368
651 #0 - PUNTO DE ACCESO ADICIONAL DE MATERIA--NOMBRE GEOGRÁFICO
Nombre geográfico Japan
Subdivisión de forma Fiction
9 (RLIN) 26369
655 #0 - TÉRMINO DE INDIZACIÓN--GÉNERO/FORMA
Datos o término principal de género/forma Dystopian fiction
9 (RLIN) 25624
700 ## - ENTRADA AGREGADA--NOMBRE PERSONAL
Nombre de persona Takemori, Ginny Tapley
9 (RLIN) 26366
Término indicativo de función/relación translator
942 ## - ELEMENTOS DE ENTRADA AGREGADA (KOHA)
Fuente del sistema de clasificación o colocación Clasificación de Library of Congress
Holdings
Estado de retiro Estado de pérdida Fuente del sistema de clasificación o colocación Estado dañado No para préstamo Biblioteca de origen Biblioteca actual Fecha de adquisición Total de préstamos Signatura topográfica completa Código de barras Fecha visto por última vez Número de copia Precio válido a partir de Tipo de ítem Koha
    Clasificación de Library of Congress     TBS Barcelona TBS Barcelona 29/10/2025   P-EN MUR B05683 29/10/2025 1 29/10/2025 Book

Powered by Koha